Boss majeurs dans Elden Ring - Statistics

General Stats
  • This quiz has been taken 81 times
  • The average score is 16 of 20
Answer Stats
Hint Answer % Correct
Académie de Raya Lucaria Rennala, Reine de la Pleine Lune
95%
Château de Valorage Godrick le Greffé
93%
Château de Valorage Margit le Déchu
93%
Leyndell, Capitale des Cendres Hoarah Loux, le Guerrier
91%
Manoir du Volcan Rykard, Seigneur du Blasphème
89%
Lac d'Agheel Agheel le Dragon Volant
88%
Ruines de Farum Azula Maliketh, la Lame d'Ébène
88%
Palais Mohgwyn Mohg, Seigneur du sang
88%
Arbre Sacré de Miquella Malenia, Épée de Miquella
84%
Leyndell, Capitale Royale Morgott, Roi des Réprouvés
84%
Arbre Sacré de Miquella Loretta, Chevaleresse de l'Arbre Sacré
82%
Manoir de Caria Loretta, Chevaleresse Royale
82%
Cimes des Géants Géant de Feu
80%
Leyndell, Capitale des Cendres Bête d'Elden
77%
Leyndell, Capitale des Cendres Radagon de l'Ordre d'Or
75%
Académie de Raya Lucaria Loup Cramoisi de Radagon
73%
Dunes Gémissantes Radahn, Fléau des Astres
70%
Ruines de Farum Azula Duo Sanctechair
64%
Marais d'Ivoine Commandant O'Neil
50%
Leyndell, Capitale des Cendres Sire Gideon Ofnir, L'Omniscient
39%
No matching quizzes found
Score Distribution
Percent of People with Each Score
Percentile by Number Answered
Your Score History
You have not taken this quiz